000 00498nam a2200169 4500
001 111163
003 ES-MaACL
005 20230906185244.0
007 t|
008 061121s1967 sp r ||||1| spa d
100 1 _aOlasagasti, Manuel.
_986664
245 1 0 _aIntroducción a Heidegger /
_cManuel Olasagasti.
260 _aMadrid :
_bRevista de Occidente,
_c1967.
300 _a346 p. ;
_c22 cm.
700 1 _aHeidegger, Martin
_xCrítica e interpretación.
_962337
852 _aES-MaACL
_jC-32373
999 _c111163
_d111163